000 00452nam a2200181Ia 4500
008 220216s9999 xx 000 0 und d
100 _aYu Z H
245 0 _aAssociation of morphological and RFLP markers in rice (Oryza sativa L.)
260 _bGenome
_c1995
300 _a566-574
650 _aLinkage mapping
650 _aRFLP
700 _aKinoshita T
700 _aMcCouch S R
700 _aSato S
700 _aTanksley S D
942 _cJS
999 _c54571
_d54571